Statistics for Countries by Carbonated Soft Drink Consumption in 2002

Click here to take the quiz!

General Stats

  • This quiz has been taken 40 times
    (33 since last reset)
  • The average score is 12 of 15

Answer Stats

Liters DrunkenAnswer% Correct
119.8Canada
100%
216United States
100%
72Germany
94%
96.5UK
94%
100.1Australia
88%
102.9Belgium
79%
96.1Netherlands
79%
82.4Sweden
76%
52Finland
73%
84.2New Zealand
73%
119.8Norway
73%
80Denmark
70%
126Ireland
70%
78.8Austria
64%
81.4Switzerland
61%

Score Distribution

Percentile by Number Answered

Percent of People with Each Score

Your Score History

You have not taken this quiz since the last reset